Elementary linear algebra

Сохранить в:
Библиографические подробности
Главный автор: Anton, Howard
Формат:
Опубликовано: Wiley
Метки: Добавить метку
Нет меток, Требуется 1-ая метка записи!

MARC

LEADER 00000nam a2200000Ia 4500
005 20260515061618.0
100 |a Anton, Howard. 
020 |a 9788126562961 
942 |c BK 
245 |a Elementary linear algebra  
260 |b Wiley 
999 |c 70  |d 70 
952 |0 0  |1 0  |4 0  |7 0  |a ABDN  |b ABDN  |d 2026-05-15  |l 0  |p 000054  |r 2026-05-15 06:16:18  |w 2026-05-15  |y BK